000 00572nam a2200193Ia 4500
005 20250326143249.0
008 250326s9999 xx 000 0 und d
020 _a0-534-19050-2
037 _aTextbook
040 _aFMSL
_beng
_cFMSL
041 _aeng
_2eng
084 _aD0bB28 P0
_qFMSL
100 _aLawson J
_997026
245 0 _aModern statistics for engineering and quality improvement
_cLawson J; Erjavee J
260 _aUnited Kingdom
_bUnited Kingdom, Thomson
_c2000
300 _a810p
942 _cTB
_hD0bB28 P0
999 _c1298834
_d1298834